00529nam a2200169Ia 4500003000900000008004100009020001800050040001600068080001800084245010400102260002300206300002000229650003600249650003400285700002100319700001900340IN-BaIIA211028s9999 xx 000 0 eng d a0-7876-0961-7 cIIA Library a92:3+5bSAA-2 0aScientistsbthe lives and works of 150 scientists, vol. 2, G - Ocedited by P. Saari and S. Allison aU.S.AbU.X.Lc1996 alv, 363 - 715p. aPhysical Scientists - Biography aSocial Scientists - Biography aAllison, S., ed. aSaari, P., ed.